000
00308nam a22001337a 4500
008
180928b xxu||||| |||| 00| 0 eng d
020
_a
9781319060756
041
_a
eng
080
_2
8 ED
_a
159.9
100
_a
48
101
_a
PSI
245
_a
Fundamentals Of Psychology
_c
Comer R.J
942
_2
udc
_c
BK
999
_c
48695
_d
48695